000 00415 a2200157 4500
005 20250612084114.0
020 _a978-1-292-20917-3
082 _a657 WOO
100 _aWOOD'S , F.
245 _aBusiness Accounting
250 _a14th Ed.
260 _aNew York,
_bPearson,
_c2018.
300 _axix, 654p.: Ill.; figures.
_bBibliographical references & Index
_c24cm.
700 _aSANGSTER, A.
942 _2ddc
_cBKS
999 _c3820
_d3820